Metamorfóseos ó Transformaciones de Ovidio / (Registro nro. 161189)
[ vista simple ]
| 000 -LEADER | |
|---|---|
| campo de control de longitud fija | 00925nam a2200217 i 4500 |
| 001 - NÚMERO DE CONTROL | |
| campo de control | 161189 |
| 003 - IDENTIFICADOR DE NÚMERO DE CONTROL | |
| campo de control | ES-MaACL |
| 005 - FECHA Y HORA DE LA ÚLTIMA TRANSACCIÓN | |
| campo de control | 20230906212218.0 |
| 008 - DATOS DE LONGITUD FIJA--INFORMACIÓN GENERAL | |
| campo de control de longitud fija | 950509m18051819sp af |||| | spa d |
| 040 ## - FUENTE DE CATALOGACIÓN | |
| Centro catalogador/agencia de origen | EUS |
| Lengua de catalogación | spa |
| Centro/agencia transcriptor | EUS |
| 100 1# - ENTRADA PRINCIPAL--NOMBRE DE PERSONA | |
| Nombre de persona | Ovidio Nasón, Publio. |
| 9 (RLIN) | 88013 |
| 245 10 - MENCIÓN DEL TÍTULO | |
| Título | Metamorfóseos ó Transformaciones de Ovidio / |
| Mención de responsabilidad, etc. | traducidos al castellano, con algunas notas para su inteligencia, por Francisco Crivell ; [ilustraciones Jose Asensio]. |
| 250 ## - MENCION DE EDICION | |
| Mención de edición | Nueva ed. |
| 260 ## - PUBLICACIÓN, DISTRIBUCIÓN, ETC. | |
| Lugar de publicación, distribución, etc. | Madrid : |
| Nombre del editor, distribuidor, etc. | Imprenta Real, |
| Fecha de publicación, distribución, etc. | 1805-1819. |
| 300 ## - DESCRIPCIÓN FÍSICA | |
| Extensión | 4 v. : |
| Otras características físicas | il. ; |
| Dimensiones | 21 cm. |
| 597 #1 - NOTA DE DESCRIPCIÓN FÍSICA | |
| NOTA DE DESCRIPCIÓN FÍSICA | Vol. I (XXIV, 169 p., 2-48 h. de láms.) -- Vol. II (218 p., 49-81 h. de láms.) -- Vol.III (230 p., 82-118 h. de láms.) -- Vol. IV ( 232 p. 119-140 h. de láms.) |
| 700 0# - ENTRADA AGREGADA--NOMBRE PERSONAL | |
| Nombre de persona | Crivell, Francisco. |
| 9 (RLIN) | 41651 |
| 700 1# - ENTRADA AGREGADA--NOMBRE PERSONAL | |
| Nombre de persona | Asensio, Josef. |
| 9 (RLIN) | 146728 |
| 852 ## - LOCALIZACIÓN | |
| Ubicación | ES-MaACL |
| Número de control de estantería | R-3180-83 |
| Encuadernación | Olim:G-9154-7 |
| Nota libre | -- Enc. hol. |
| Estatus retirado | Estado de pérdida | Estado de daño | No para préstamo | Colección | Biblioteca de origen | Biblioteca actual | Ubicación en estantería | Fecha de adquisición | Total de préstamos | Signatura topográfica completa | Código de barras | Visto por última vez | Precio de reemplazo | Tipo de ítem Koha |
|---|---|---|---|---|---|---|---|---|---|---|---|---|---|---|
| Libros del s. XIX | Biblioteca del Ateneo de Madrid | Biblioteca del Ateneo de Madrid | Depósito | 17/01/2008 | R-3180-83 | 1168829 | 23/02/2023 | 23/02/2023 | Libro impreso antiguo |
